<?xml version="1.0" encoding="UTF-8"?>
<record
    xmlns:xsi="http://www.w3.org/2001/XMLSchema-instance"
    xsi:schemaLocation="http://www.loc.gov/MARC21/slim http://www.loc.gov/standards/marcxml/schema/MARC21slim.xsd"
    xmlns="http://www.loc.gov/MARC21/slim">

  <leader>01588    a2200193   4500</leader>
  <controlfield tag="003">Nust</controlfield>
  <controlfield tag="005">20221011150718.0</controlfield>
  <datafield tag="010" ind1=" " ind2=" ">
    <subfield code="a">   71133993</subfield>
  </datafield>
  <datafield tag="020" ind1=" " ind2=" ">
    <subfield code="a">0800500024</subfield>
  </datafield>
  <datafield tag="040" ind1=" " ind2=" ">
    <subfield code="c">Nust</subfield>
  </datafield>
  <datafield tag="082" ind1="0" ind2="0">
    <subfield code="a">540,BIG</subfield>
  </datafield>
  <datafield tag="100" ind1="1" ind2=" ">
    <subfield code="a">Bigelow, Melvin Jerome,</subfield>
    <subfield code="9">99913</subfield>
  </datafield>
  <datafield tag="245" ind1="1" ind2="0">
    <subfield code="a">Basic concepts of chemistry</subfield>
    <subfield code="c">[by] M. Jerome Bigelow.</subfield>
  </datafield>
  <datafield tag="260" ind1=" " ind2=" ">
    <subfield code="a">Tarrytown-on-Hudson, N.Y.,</subfield>
    <subfield code="b">Bogden &amp; Quigley</subfield>
    <subfield code="c">[1971]</subfield>
  </datafield>
  <datafield tag="300" ind1=" " ind2=" ">
    <subfield code="a">xv, 396 p.</subfield>
    <subfield code="b">illus.</subfield>
    <subfield code="c">25 cm.</subfield>
  </datafield>
  <datafield tag="505" ind1=" " ind2=" ">
    <subfield code="a">Introduction-Matter And Its Measurement (Page-1), Introduction-Energy And Its Measurement (Page-16), Stoichiometry- Chemical Reactions (Page-28), Atomic Structure (Page-48), Arrangement Of Electrons In The Atom (Page-63), The Periodic Table (Page-78), The Elements Of Groups 1a And 2a-Ionic And Metallic Bonding (Page-91), The Covalent Bond-Second Period Hydrides (Page-103), Water Solutions (Page-113), The Kinetic Molecular Theory (Page-135), Liquids And Solids (Page-156), Groups 3a Elements-Hydrolysis And Acid-Base Theories (Page-169), Concertation Units-Reactions In Solution (Page-187), Kinetics And Equilibrium (Page-196), Ionization Equilibria In Water Solution (Page-214), The Noble Gases And The Atmosphere (Page-235), The Elements Of Groups Via And Viia (Page-245), Oxidation-Reduction Reactions (Page-265), Electrochemical Cells (Page-275), The Group 4a And 5a Elements (Page-291), Transition Elements-The Rest Of Periodic Table (Page-310), Organic Chemistry-Hydrocarbons (Page-325), Other Classes Of Organic Compounds (Page-338), Polymers (Page-353), Biochemistry (Page-360).</subfield>
  </datafield>
  <datafield tag="650" ind1=" " ind2="0">
    <subfield code="a">Chemistry.</subfield>
  </datafield>
  <datafield tag="942" ind1=" " ind2=" ">
    <subfield code="2">ddc</subfield>
    <subfield code="c">BK</subfield>
  </datafield>
  <datafield tag="999" ind1=" " ind2=" ">
    <subfield code="c">183393</subfield>
    <subfield code="d">183393</subfield>
  </datafield>
  <datafield tag="952" ind1=" " ind2=" ">
    <subfield code="0">0</subfield>
    <subfield code="1">0</subfield>
    <subfield code="2">ddc</subfield>
    <subfield code="4">0</subfield>
    <subfield code="7">0</subfield>
    <subfield code="a">MCS</subfield>
    <subfield code="b">MCS</subfield>
    <subfield code="c">GEN</subfield>
    <subfield code="d">2016-12-12</subfield>
    <subfield code="o">540,BIG</subfield>
    <subfield code="p">MCS6481</subfield>
    <subfield code="r">2016-12-08</subfield>
    <subfield code="w">2016-12-12</subfield>
    <subfield code="y">BK</subfield>
    <subfield code="z">Almirah No.25, Shelf No.1</subfield>
  </datafield>
</record>
